[Event "Warsaw Najdorf Memorial op-B"]
[Site "Warsaw"]
[Date "2010.07.17"]
[Round "1"]
[White "Mietek, Lukasz"]
[Black "Zalewski, Arkadiusz"]
[Result "1-0"]
[WhiteElo "1939"]
[BlackElo "1426"]
[PlyCount "35"]
[EventDate "2010.07.17"]
[EventType "swiss"]
[EventRounds "9"]
[EventCountry "POL"]
[SourceTitle "CBM 137 Extra"]
[Source "ChessBase"]
[SourceDate "2010.09.01"]
[SourceVersion "1"]
[SourceVersionDate "2010.09.01"]
[SourceQuality "1"]

1. Nf3 Nf6 2. c4 d6 3. d4 g6 4. Nc3 Bg7 5. e4 Bg4 6. Be2 0-0 7. Qb3 Qc8 8. Bg5 Re8 9. h3 Bxf3 10. Bxf3 Nc6 11. Rd1 e5 12. dxe5 Nxe5 13. Be2 b6 14. 0-0 h6 15. Bh4 g5 16. Bg3 Nh5 17. Bxh5 g4 18. Bxe5 1-0